Proyecto geométrico de carreteras modenas / (Registro nro. 15276)
[ vista simple ]
| 000 -LEADER | |
|---|---|
| fixed length control field | 00867nam a2200277 i 4500 |
| 003 - CONTROL NUMBER IDENTIFIER | |
| control field | DO-SdBPM |
| 005 - DATE AND TIME OF LATEST TRANSACTION | |
| control field | 20250728100608.0 |
| 007 - PHYSICAL DESCRIPTION FIXED FIELD--GENERAL INFORMATION | |
| fixed length control field | ta |
| 008 - FIXED-LENGTH DATA ELEMENTS--GENERAL INFORMATION | |
| fixed length control field | 240209b1976 cl ||||| |||| 00| 0 spa d |
| 040 ## - CATALOGING SOURCE | |
| Original cataloging agency | DO-SdBPM |
| Language of cataloging | spa |
| Transcribing agency | BPMSU |
| Description conventions | rda |
| 082 #4 - DEWEY DECIMAL CLASSIFICATION NUMBER | |
| Classification number | 625.7 |
| Item number | H894p 1976 |
| Edition number | 22 |
| 100 1# - MAIN ENTRY--PERSONAL NAME | |
| Personal name | Hugn Jones, John |
| Relator term | autor |
| 245 10 - TITLE STATEMENT | |
| Title | Proyecto geométrico de carreteras modenas / |
| Statement of responsibility, etc. | John Hugh Jones |
| Remainder of title | |
| 250 ## - EDITION STATEMENT | |
| Edition statement | 3a. ed |
| 264 ## - PRODUCTION, PUBLICATION, DISTRIBUTION, MANUFACTURE, AND COPYRIGHT NOTICE | |
| Place of production, publication, distribution, manufacture | Colombia : |
| Name of producer, publisher, distributor, manufacturer | Compaía Editorial Continental |
| Date of production, publication, distribution, manufacture, or copyright notice | 1976 |
| 300 ## - PHYSICAL DESCRIPTION | |
| Extent | 280 páginas ; |
| Dimensions | 23 cm. |
| Other physical details | |
| 336 ## - CONTENT TYPE | |
| Content type term | texto |
| Content type code | txt |
| Source | rdacontent |
| 337 ## - MEDIA TYPE | |
| Media type term | sin mediación |
| Media type code | n |
| Source | rdamedia |
| 338 ## - CARRIER TYPE | |
| Carrier type term | volumen |
| Carrier type code | nc |
| Source | rdacarrier |
| 500 ## - GENERAL NOTE | |
| General note | Incluye índice |
| 590 ## - LOCAL NOTE (RLIN) | |
| Local note | Inventariado, 2025/VM |
| 650 #7 - SUBJECT ADDED ENTRY--TOPICAL TERM | |
| Topical term or geographic name as entry element | Construcción de carreteras. |
| Source of heading or term | |
| 650 #7 - SUBJECT ADDED ENTRY--TOPICAL TERM | |
| Topical term or geographic name as entry element | Ingeniería de carreteras |
| 910 ## - USER-OPTION DATA (OCLC) | |
| User-option data | VMateo V. Control de calidad. BPMSU |
| 942 ## - ADDED ENTRY ELEMENTS (KOHA) | |
| Source of classification or shelving scheme | Dewey Decimal Classification |
| Koha item type | Libros |
| Withdrawn status | Lost status | Source of classification or shelving scheme | Damaged status | Not for loan | Collection code | Home library | Current library | Date acquired | Total Checkouts | Full call number | Barcode | Date last seen | Price effective from | Koha item type |
|---|---|---|---|---|---|---|---|---|---|---|---|---|---|---|
| Dewey Decimal Classification | Colección General | Biblioteca Pública Metropolitana Salomé Ureña | Biblioteca Pública Metropolitana Salomé Ureña | 07/28/2025 | BPMSU CG 625.7 H894p 1976 | BPMSU25070058 | 07/28/2025 | 07/28/2025 | Libros |